مكتبة جامعة عجلون الوطنية

فهرس بحث المكتبة

التعويض عن الأضرار المجاورة للضرر الجسدي = The compensation for damages accompanying with the bodily damage  (Record no. 17271)

MARC details
000 -LEADER
fixed length control field 01322nam a2200241Ii 4500
003 - CONTROL NUMBER IDENTIFIER
control field JO-AjNU
005 - DATE AND TIME OF LATEST TRANSACTION
control field 20240630085750.0
008 - FIXED-LENGTH DATA ELEMENTS--GENERAL INFORMATION
fixed length control field 230605s9999||||xx |||||||||||||| ||und||
040 ## - CATALOGING SOURCE
Original cataloging agency JO-AjNU
Language of cataloging ara
Description conventions rda
Transcribing agency JO-AjNU
041 ## - LANGUAGE CODE
Language code of text/sound track or separate title ara
050 14 - LIBRARY OF CONGRESS CALL NUMBER
Classification number K5101.2011
100 #1 - MAIN ENTRY--PERSONAL NAME
Personal name العماوي، محمد عبدالغفور محمد
Relator term معد
9 (RLIN) 65853
245 00 - TITLE STATEMENT
Title التعويض عن الأضرار المجاورة للضرر الجسدي = The compensation for damages accompanying with the bodily damage 
Statement of responsibility, etc. اعداد محمد عبدالغفور محمد العماوي؛ اشراف اسامة ابو الحسن مجاهد
264 31 - PRODUCTION, PUBLICATION, DISTRIBUTION, MANUFACTURE, AND COPYRIGHT NOTICE
Place of production, publication, distribution, manufacture 2011
300 ## - PHYSICAL DESCRIPTION
Extent 186 ورقة
336 ## - CONTENT TYPE
Content type term text
Content type code txt
Source rdacontent
337 ## - MEDIA TYPE
Media type term unmediated
Media type code n
Source rdamedia
338 ## - CARRIER TYPE
Carrier type term volume
Carrier type code nc
Source rdacarrier
500 ## - GENERAL NOTE
General note رسالة جامعية (دكتوراة في القانون)--جامعة عمان العربية ، 2011، يشتمل على المراجع الببلوغرافية باللغة العربية واللغة الإنجليزية واللغة الايطالية ص(180-186)
650 #4 - SUBJECT ADDED ENTRY--TOPICAL TERM
Topical term or geographic name entry element التعويضات -- قوانين وتشريعات -- الأردن -- الأضرار -- قوانين وتشريعات -- الأردن
9 (RLIN) 33621
700 #1 - ADDED ENTRY--PERSONAL NAME
Personal name مجاهد، اسامة ابو الحسن
Relator term مشرف
9 (RLIN) 47208
942 ## - ADDED ENTRY ELEMENTS (KOHA)
Source of classification or shelving scheme Library of Congress Classification
Koha item type Thesis
Holdings
Withdrawn status Lost status Source of classification or shelving scheme Damaged status Not for loan Home library Current library Shelving location Date acquired Total Checkouts Full call number Barcode Date last seen Price effective from Koha item type
    Library of Congress Classification     مكتبة جامعة عجلون الوطنية مكتبة جامعة عجلون الوطنية المراجع 06/06/2023   K5101.2011 A13703 06/06/2023 06/06/2023 Thesis